| 000 | 00526nam a22001937a 4500 | ||
|---|---|---|---|
| 008 | 230630b |||||||| |||| 00| 0 eng d | ||
| 020 | _a978-81-263-2034-9 | ||
| 040 |
_aNational Science Library _cNational Science Library |
||
| 080 |
_a82-313.1JOS _bQ0 |
||
| 100 | _aJoshi, Sharad | ||
| 245 | _aयथासम्भव | ||
| 246 | _aYatha-Sambhava | ||
| 250 | _a15th ed. | ||
| 260 |
_aNew Delhi: _bBharatiya Jnanpith, _c2010 |
||
| 300 | _a423p. | ||
| 650 | _aLiterature | ||
| 653 | _aStory | ||
| 942 |
_2udc _cHBK |
||
| 999 |
_c48501 _d48501 |
||